000 004650000a22001810004500
003 MACL
005 20151027151117.0
008 151027b xxu||||| |||| 00| 0 eng d
040 _aMACL
_cMACL
041 _aEnglish
082 _a294/MUK
100 _aMukhpoadhyaya, Ramrshchandra
_917002
245 _aA study Gitas in the Mahabharata
260 _bAnjali publication
_c2009
_aKolkata
350 _a320
650 _aReligion
_917004
942 _cBK
_k294/MUK
_2ddc
999 _c44450
_d44450